Design of purchasing systems and records (Record no. 28033)

MARC details
000 -LEADER
fixed length control field 00312nam a2200121Ia 4500
082 ## - DEWEY DECIMAL CLASSIFICATION NUMBER
Classification number 658.7
Item number BAI
100 ## - MAIN ENTRY--AUTHOR NAME
Personal name Baily, Peter
245 #0 - TITLE STATEMENT
Title Design of purchasing systems and records
260 ## - PUBLICATION, DISTRIBUTION, ETC. (IMPRINT)
Place of publication England
Name of publisher Gower
Year of publication 1971
700 ## - ADDED ENTRY--PERSONAL NAME
Personal name Tavernier, Gerald
942 ## - ADDED ENTRY ELEMENTS (KOHA)
Koha item type Books
Holdings
Withdrawn status Lost status Damaged status Not for loan Home library Current library Date acquired Cost, normal purchase price Full call number Accession Number Koha item type
        RRII Library RRII Library 16/12/2021 15.75 658.7 BAI 08648 Books